Léim chuig an ábhar

Методологические подходы к селекции чѐрно-пѐстрого и симментальского скота в Орловской области монография

Издаѐтся по решению Учѐного совета ВНИИ Соцразвития села ФГБОУ ВО «Орловский государственный аграрный университет», протокол № 12 от 14. 12. 2015 г. В монографии проанализировано состояние молочного животноводства в странах мира, России и Орловской области, и научно обоснованы приоритетные направлен...

Cur síos iomlán

Sábháilte in:
Sonraí bibleagrafaíochta
Príomhchruthaitheoir: Полухина М. Г.
Rannpháirtithe: Климова С. П., Бугаев С. П., Климов А. Л.
Formáid: Книга
Teanga:Russian
Foilsithe / Cruthaithe: Орел ОрелГАУ 2016
Rochtain ar líne:https://e.lanbook.com/book/106921
https://e.lanbook.com/img/cover/book/106921.jpg
Clibeanna: Cuir clib leis
Níl clibeanna ann, Bí ar an gcéad duine le clib a chur leis an taifead seo!
LEADER 02799nam0a2200301 i 4500
001 106921
003 RuSpLAN
005 20221220174013.0
008 221220s2016 ru gs 000 0 rus
020 |a 978-5-93382-276-9 
040 |a RuSpLAN 
041 0 |a rus 
044 |a ru 
080 |a 636.082.233 
084 |a 46.0 (2 Рос-4 орл) – 31 - 369  |2 rubbk 
245 0 0 |a Методологические подходы к селекции чѐрно-пѐстрого и симментальского скота в Орловской области  |b монография  |c Полухина М. Г.,Климова С. П.,Бугаев С. П.,Климов А. Л. 
260 |a Орел  |b ОрелГАУ  |c 2016 
300 |a 120 с. 
504 |a Библиогр.: доступна в карточке книги, на сайте ЭБС Лань 
520 8 |a Издаѐтся по решению Учѐного совета ВНИИ Соцразвития села ФГБОУ ВО «Орловский государственный аграрный университет», протокол № 12 от 14. 12. 2015 г. В монографии проанализировано состояние молочного животноводства в странах мира, России и Орловской области, и научно обоснованы приоритетные направления и пути его развития. Впервые в Орловской области проведена комплексная оценка генетических и паратипических факторов в системе племенной работы с чѐрно-пѐстрой и симментальской породами крупного рогатого скота в современных условиях ведения молочного скотоводства. Данная монография подготовлена для научных работников, научно-педагогического состава, аспирантов и студентов аграрных высших учебных заведений, специалистов органов государственного и хозяйственного управления агропромышленным комплексом. 
521 8 |a Книга из коллекции ОрелГАУ - Ветеринария и сельское хозяйство 
100 1 |a Полухина М. Г. 
700 1 |a Климова С. П. 
700 1 |a Бугаев С. П. 
700 1 |a Климов А. Л. 
856 4 |u https://e.lanbook.com/book/106921 
856 4 8 |u https://e.lanbook.com/img/cover/book/106921.jpg 
953 |a https://e.lanbook.com/img/cover/book/106921.jpg 
Cannot write session to /tmp/vufind_sessions/sess_h0u52ce7car3vsv5hss8c2rps0